<?xml version="1.0" encoding="UTF-8"?>
<record
    xmlns:xsi="http://www.w3.org/2001/XMLSchema-instance"
    xsi:schemaLocation="http://www.loc.gov/MARC21/slim http://www.loc.gov/standards/marcxml/schema/MARC21slim.xsd"
    xmlns="http://www.loc.gov/MARC21/slim">

  <leader>00579nam a22002177a 4500</leader>
  <controlfield tag="003">IBSLLIB</controlfield>
  <controlfield tag="005">20260515065533.0</controlfield>
  <controlfield tag="008">260515b        |||||||| |||| 00| 0 eng d</controlfield>
  <datafield tag="020" ind1=" " ind2=" ">
    <subfield code="a">9780007479146</subfield>
  </datafield>
  <datafield tag="040" ind1=" " ind2=" ">
    <subfield code="a">IBSLLIB</subfield>
    <subfield code="b">eng</subfield>
  </datafield>
  <datafield tag="041" ind1=" " ind2=" ">
    <subfield code="h">Eng</subfield>
  </datafield>
  <datafield tag="082" ind1=" " ind2=" ">
    <subfield code="a">952</subfield>
    <subfield code="b">IWA</subfield>
  </datafield>
  <datafield tag="100" ind1=" " ind2=" ">
    <subfield code="a">Kane , Iwatani Yukari </subfield>
  </datafield>
  <datafield tag="245" ind1=" " ind2=" ">
    <subfield code="a">Haunted Empire :</subfield>
    <subfield code="b">Apple After Steve Jobs</subfield>
  </datafield>
  <datafield tag="260" ind1=" " ind2=" ">
    <subfield code="a">London : </subfield>
    <subfield code="b">William Collins , </subfield>
    <subfield code="c">2014</subfield>
  </datafield>
  <datafield tag="300" ind1=" " ind2=" ">
    <subfield code="a">371 p ; </subfield>
    <subfield code="c">25 cm </subfield>
  </datafield>
  <datafield tag="650" ind1=" " ind2=" ">
    <subfield code="a">History geography and auxiliary discipline </subfield>
  </datafield>
  <datafield tag="650" ind1=" " ind2=" ">
    <subfield code="a">History of Asia </subfield>
  </datafield>
  <datafield tag="653" ind1=" " ind2=" ">
    <subfield code="a">Empire </subfield>
  </datafield>
  <datafield tag="942" ind1=" " ind2=" ">
    <subfield code="c">LBK</subfield>
  </datafield>
  <datafield tag="999" ind1=" " ind2=" ">
    <subfield code="c">22143</subfield>
    <subfield code="d">22143</subfield>
  </datafield>
  <datafield tag="952" ind1=" " ind2=" ">
    <subfield code="0">0</subfield>
    <subfield code="1">0</subfield>
    <subfield code="4">0</subfield>
    <subfield code="7">0</subfield>
    <subfield code="8">LEN</subfield>
    <subfield code="a">IBSLLIB</subfield>
    <subfield code="b">IBSLLIB</subfield>
    <subfield code="c">LEN</subfield>
    <subfield code="d">2026-04-30</subfield>
    <subfield code="e">Donation </subfield>
    <subfield code="i">10854</subfield>
    <subfield code="l">0</subfield>
    <subfield code="o">952 IWA</subfield>
    <subfield code="p">10854</subfield>
    <subfield code="r">2026-05-15 06:56:07</subfield>
    <subfield code="w">2026-05-15</subfield>
    <subfield code="y">LBK</subfield>
  </datafield>
</record>
